The Holy Grail : history and legend.

Bibliographic Details
Main Author: Wood, Juliette
Format: eBook
Language:English
Published: Cardiff : University of Wales Press, 2012.
Subjects:
Online Access:Connect to the full text of this electronic book

MARC

Tag First Indicator Second Indicator Subfields
LEADER 00000cam a2200000Ma 4500
001 in00002786483
006 m o d
007 cr |n|||||||||
008 121021s2012 wlk ob 001 0 eng d
005 20250816212756.0
020 |a 0708325254 (electronic bk.) 
020 |a 9780708325254 (electronic bk.) 
020 |z 9780708325247 (pbk.) 
020 |z 0708325246 (pbk.) 
035 |a (OCoLC)ocn813928928 
035 |a (OCoLC)813928928 
040 |a YDXCP  |c YDXCP  |d OCLCO  |d N$T  |d EBLCP  |d TXA  |d UtOrBLW 
049 |a TXAM 
050 4 |a PN686.G7  |b W66 2012 
072 7 |a BIO  |x 007000  |2 bisacsh 
082 0 4 |a 809/.9337  |2 23 
100 1 |a Wood, Juliette. 
245 1 4 |a The Holy Grail :  |b history and legend. 
264 1 |a Cardiff :  |b University of Wales Press,  |c 2012. 
300 |a 1 online resource (125 pages, 8 unnumbered pages of plates) 
336 |a text  |b txt  |2 rdacontent 
337 |a computer  |b c  |2 rdamedia 
338 |a online resource  |b cr  |2 rdacarrier 
588 |a Description based on print version record. 
500 |a Electronic resource. 
650 0 |a Grail  |x Legends  |x History and criticism. 
650 7 |a BIOGRAPHY & AUTOBIOGRAPHY / Literary.  |2 bisacsh 
655 4 |a Electronic books. 
776 0 8 |i Print version:  |z 9780708325247  |z 0708325246 
856 4 0 |u https://ebookcentral.proquest.com/lib/tamucs/detail.action?docID=1042750  |y Connect to the full text of this electronic book  |t 0 
948 |a cataloged  |b h  |c 2012/11/28  |d c  |e agaffey  |f 2:10:29 pm 
994 |a C0  |b TXA 
999 f f |s 9c269507-a05d-37a9-836a-fe0aca20fa77  |i 7d405076-f656-380c-a146-8ebc8d4d7064  |t 0 
999 |a MARS 
952 f f |a Texas A&M University  |b College Station  |c Electronic Resources  |d Available Online  |t 0  |e PN686.G7 W66 2012  |h Library of Congress classification 
998 f f |a PN686.G7 W66 2012  |t 0  |l Available Online